000 00523nam a2200169 4500
001 1171
005 20181127162826.0
020 0 0 _a
090 0 0 _a342.07 P9636k 2010
100 0 0 _aElection Commission of Bhutan.
245 0 0 _aPhoto chronicle of first parliamentary elections 2008 /
_b
_cElection Commission of Bhutan.
_h
260 0 0 _aThimphu :
_bElection Commission of Bhutan.
_c
300 0 0 _a79 p. : col. ill.
500 0 0 _aIn English.
650 0 0 _aBhutan --Pictoral words
_x
650 0 0 _aBhutan. Parliament --Election, 2008.
_x
999 _c821
_d821